000 00399nam a22001697a 4500
005 20170916125835.0
008 170916b xxu||||| |||| 00| 0 eng d
020 _a978-0-19-8085-41-6
041 _aeng
082 _a384.558
100 _aBELAVADI, VASUKI
_93937
245 _aVIDEO PRODUCTION
250 _a2nd, 2003
260 _bOXFORD UNIVERSITY PRESS
_c2008
300 _a408p.
942 _cBK
999 _c5583
_d5581